000 00303nam a22001337a 4500
008 170609b xxu||||| |||| 00| 0 eng d
020 _a9780312037215
041 _aeng
080 _26TH
_a32
100 _a19
101 _aSHP
245 _aPOLITICS IN THE WORLD ARENA
_cSPIEGEL, S.L
942 _2udc
_cBK
999 _c16722
_d16722